000 00885cab a2200217 4500
001 ABS45526
008 090401t1991 xxu||||| |||| 00| 0 eng d
035 _a(Sirsi) u53573
041 _aeng
100 _aMiller, F.
245 _aTerms of engagement
260 _c1991
350 _a0
490 _aNew Law Journal
_v141(6530) 29 November 1991, 1633-1636(3)
520 _aTaking as a starting point "Norjarl v Hyundai" (1991), which concerned the proposal from arbitrators for a commitment fee, this article argues for written down terms of appointment for arbitrators, looking to the professional bodies to do this if statutory backing is not possible.
650 _aCOMMITMENT FEES
650 _aTERMS OF ENGAGEMENT
690 _aMANAGEMENT-DISPUTE AVOIDANCE, MANAGEMENT AND RESOLUTION-DISPUTE MANAGEMENT AND RESOLUTION-ARBITRATION
942 _n0
948 _c04/03/1997
999 _c33008
_d33008